[Event "32.Schlosspark-Open"]
[Site "Wiesbaden-Biebrich"]
[Date "2023.08.25"]
[Round "2.21"]
[White "Bauer, Claus"]
[Black "Kn dler, Marcel"]
[Result "1-0"]
[WhiteElo "2136"]
[BlackElo "1849"]
[PlyCount "69"]
[EventDate "2023.??.??"]
[WhiteTeam "Sfr.Mainz 1928"]
[BlackTeam "Wiesbadener SV 1885"]

1. d4 Nf6 2. Nf3 e6 3. Bg5 Be7 4. e3 b6 5. Nbd2 Bb7 6. Bd3 d6 7. O-O Nbd7 8. c3 h6 9. Bh4 g5 10. Bg3 Nh5 11. e4 Nxg3 12. fxg3 Bf6 13. Qe2 Qe7 14. a4 e5 15. d5 g4 16. Ne1 Bg5 17. a5 a6 18. axb6 cxb6 19. Nc4 Bc8 20. Nc2 h5 21. Nb4 Bb7 22. Qf2 a5 23. Nc6 Bxc6 24. dxc6 Nc5 25. Bc2 O-O 26. Nxb6 Rab8 27. Nd5 Qe6 28. b4 axb4 29. cxb4 Nxe4 30. Bxe4 f5 31. Nc7 Qc8 32. Bd5+ Kh7 33. Ra7 Kh6 34. Ne6 Rf6 35. c7 1-0

[Event "32.Schlosspark-Open"]
[Site "Wiesbaden-Biebrich"]
[Date "2023.08.25"]
[Round "2.22"]
[White "Rutsatz, Mario"]
[Black "Gundlach, Michael"]
[Result "1-0"]
[WhiteElo "1912"]
[BlackElo "2130"]
[PlyCount "79"]
[EventDate "2023.??.??"]
[WhiteTeam "SC 1961 K nig Nied"]
[BlackTeam "Sfr.Mainz 1928"]

1. Nf3 d6 2. d4 Nf6 3. Bf4 Nbd7 4. c4 Nh5 5. Bg5 h6 6. Be3 e5 7. Nc3 Nhf6 8. g3 Be7 9. Bg2 O-O 10. O-O c6 11. b4 e4 12. Ne1 d5 13. c5 Re8 14. Nc2 Nf8 15. b5 Ng6 16. bxc6 bxc6 17. Nb4 Bd7 18. Qa4 Qc7 19. Na6 Qc8 20. Rab1 Bh3 21. Nb4 Bd7 22. Qa6 Qc7 23. Rb3 h5 24. Rfb1 Ng4 25. Nbxd5 cxd5 26. Nxd5 Qc6 27. Qxc6 Bxc6 28. Nc7 Rac8 29. Nxe8 Rxe8 30. Rb8 Bd8 31. Rc8 Bd7 32. Ra8 Nf6 33. Rbb8 Bc7 34. Rxe8+ Bxe8 35. Bg5 Kf8 36. Bxf6 gxf6 37. Bxe4 Ke7 38. Rxa7 Kd8 39. h4 Ne7 40. d5 1-0

[Event "32.Schlosspark-Open"]
[Site "Wiesbaden-Biebrich"]
[Date "2023.08.25"]
[Round "2.23"]
[White "Mulder, Bart-Piet"]
[Black "Fleckenstein, Lukas"]
[Result "0-1"]
[WhiteElo "2123"]
[BlackElo "1864"]
[PlyCount "112"]
[EventDate "2023.??.??"]
[WhiteTeam "de Wijker Toren"]
[BlackTeam "SK Niederbrechen 1948"]

1. d4 d5 2. Nf3 Nf6 3. g3 c6 4. Bg2 Bf5 5. c4 e6 6. Qb3 Qb6 7. Nc3 dxc4 8. Qxc4 Nbd7 9. O-O Be7 10. Nh4 Bg6 11. Nxg6 hxg6 12. e4 O-O 13. Bf4 Rac8 14. Rfd1 Rfd8 15. Qe2 Re8 16. Rac1 Bb4 17. a3 Bf8 18. Qd2 e5 19. dxe5 Nxe5 20. Qe2 c5 21. h3 Nc6 22. Qc4 Na5 23. Qb5 Qxb5 24. Nxb5 a6 25. Nc3 Nb3 26. Rb1 Nh5 27. Bd6 Nd4 28. Bxf8 Kxf8 29. Kf1 Rb8 30. Nd5 Nf6 31. Nb6 Rbd8 32. f3 Nb3 33. Ke2 Nh5 34. Kf2 g5 35. Nc4 b5 36. Nd6 Re7 37. Nf5 Red7 38. Ne3 Rd2+ 39. Ke1 Nxg3 40. Rxd2 Rxd2 41. Bf1 c4 42. a4 f6 43. axb5 axb5 44. e5 fxe5 45. Nxc4 Nxf1 46. Nxd2 Nfxd2 47. Rd1 Nxf3+ 48. Kf2 Nfd4 49. Ke3 Ke7 50. Rg1 Kf6 51. Ke4 Nd2+ 52. Kd5 N4f3 53. Ra1 e4 54. Ra8 e3 55. Re8 Nf1 56. Ke4 Kf7 0-1

[Event "32.Schlosspark-Open"]
[Site "Wiesbaden-Biebrich"]
[Date "2023.08.25"]
[Round "2.24"]
[White "Derr, Oleg"]
[Black "Sydykov, Bayastan"]
[Result "0-1"]
[WhiteElo "1755"]
[BlackElo "1940"]
[PlyCount "146"]
[EventDate "2023.??.??"]
[WhiteTeam "VSG 1880 Offenbach"]
[BlackTeam "SK 1858 Gie en"]

1. e4 e6 2. d4 d5 3. Nd2 c5 4. exd5 Qxd5 5. Ngf3 cxd4 6. Bc4 Qd6 7. O-O Nc6 8. Nb3 a6 9. Nbxd4 b5 10. Nxc6 Qxc6 11. Bd3 Bb7 12. Re1 Nf6 13. Bg5 Be7 14. c3 Rd8 15. Qc2 Qc5 16. Bxf6 Bxf6 17. Be4 Bxe4 18. Qxe4 O-O 19. Rad1 a5 20. a3 Rd6 21. Qe3 Qxe3 22. fxe3 Rfd8 23. Rxd6 Rxd6 24. e4 Rd7 25. e5 Be7 26. Kf1 h5 27. Nd4 b4 28. axb4 axb4 29. Nc6 bxc3 30. Nxe7+ Rxe7 31. bxc3 Rc7 32. Re3 Kf8 33. Ke2 Ke7 34. Kd3 f5 35. exf6+ gxf6 36. Rg3 Rc5 37. Rg7+ Kd6 38. Kd4 Rd5+ 39. Ke3 Re5+ 40. Kd3 Rf5 41. h3 Rf2 42. Ke3 Ra2 43. g3 Rg2 44. Ke4 h4 45. Kf3 Rh2 46. Rg4 hxg3 47. Kxg3 Rc2 48. Rc4 Kd5 49. Rc8 Ke4 50. Rc4+ Kf5 51. Kf3 e5 52. Rc7 Rd2 53. Ke3 Rh2 54. Rh7 Ke6 55. Rh6 Rg2 56. c4 Rg3+ 57. Kd2 e4 58. c5 Rd3+ 59. Kc2 Rd5 60. Kc3 Rxc5+ 61. Kd4 Re5 62. Ke3 Kf7 63. Rh4 f5 64. Kf4 e3 65. Kxe5 e2 66. Kxf5 e1=Q 67. Rf4 Qe6+ 68. Kg5+ Kg7 69. Rg4 Qe5+ 70. Kh4+ Kh6 71. Rg8 Qf4+ 72. Rg4 Qf2+ 73. Rg3 Qe1 0-1

[Event "32.Schlosspark-Open"]
[Site "Wiesbaden-Biebrich"]
[Date "2023.08.25"]
[Round "2.25"]
[White "Grzeca, Pascal"]
[Black "M ller, Lutz"]
[Result "1-0"]
[WhiteElo "2075"]
[BlackElo "1915"]
[PlyCount "57"]
[EventDate "2023.??.??"]
[WhiteTeam "SV 1921 Springer Siershahn e.V."]
[BlackTeam "Sfr.Mainz 1928"]

1. d4 g6 2. Nf3 Bg7 3. g3 Nf6 4. Bg2 O-O 5. O-O d6 6. b3 c5 7. Bb2 Nc6 8. d5 Nb8 9. c4 Na6 10. Nbd2 Nc7 11. e4 b5 12. e5 Ng4 13. Re1 Rb8 14. exd6 Qxd6 15. Bxg7 Kxg7 16. Qe2 e5 17. h3 Nf6 18. Qxe5 Qxe5 19. Nxe5 Rb6 20. Nd3 Na6 21. Re7 Bf5 22. Ne5 Nb4 23. g4 Nc2 24. Rd1 Bc8 25. Rxa7 b4 26. g5 Nh5 27. Ne4 Nf4 28. Nxc5 Rd6 29. Ne4 1-0

[Event "32.Schlosspark-Open"]
[Site "Wiesbaden-Biebrich"]
[Date "2023.08.25"]
[Round "2.26"]
[White "Berberich, Christoph"]
[Black "Montalbano, Federico"]
[Result "0-1"]
[WhiteElo "1898"]
[BlackElo "2115"]
[PlyCount "116"]
[EventDate "2023.??.??"]
[WhiteTeam "SK Freiburg-Z hringen 1887 e.V."]
[BlackTeam "Wiesbadener SV 1885"]

1. d4 Nf6 2. Nf3 e6 3. c4 d5 4. e3 a6 5. a4 c5 6. Nc3 Nc6 7. dxc5 Bxc5 8. cxd5 exd5 9. Be2 O-O 10. O-O Re8 11. b3 d4 12. exd4 Nxd4 13. Nxd4 Bxd4 14. Bb2 Be6 15. Bf3 Rc8 16. Rc1 Qb6 17. a5 Qa7 18. Na4 Rxc1 19. Bxc1 Bxf2+ 20. Kh1 Bd7 21. Qc2 Bd4 22. Qc7 Bxa4 23. bxa4 Ba1 24. Qb6 Qxb6 25. axb6 Ne4 26. Be3 Bb2 27. Rb1 Ba3 28. Bg1 f5 29. Rd1 Re7 30. Rd8+ Kf7 31. g3 Ke6 32. Rb8 Kd6 33. Rd8+ Ke6 34. Rb8 Kd6 35. Rh8 g6 36. g4 Ke5 37. gxf5 gxf5 38. Rd8 Bb4 39. Bd4+ Kf4 40. Bg2 a5 41. Kg1 Bc5 42. Bxc5 Nxc5 43. Rc8 Re1+ 44. Bf1 Nxa4 45. Rc7 Nxb6 46. Rxh7 Nd5 47. Kf2 Rb1 48. Bg2 Rb2+ 49. Kg1 Ke5 50. Rd7 Ke6 51. Rg7 b5 52. Bxd5+ Kxd5 53. h4 Rb4 54. h5 Rh4 55. Rh7 a4 56. h6 Kc4 57. Rh8 Kb3 58. h7 b4 0-1

[Event "32.Schlosspark-Open"]
[Site "Wiesbaden-Biebrich"]
[Date "2023.08.25"]
[Round "2.27"]
[White "Zimmer, Gerald"]
[Black "Reschke, Thomas"]
[Result "1/2-1/2"]
[WhiteElo "1882"]
[BlackElo "2103"]
[PlyCount "36"]
[EventDate "2023.??.??"]
[WhiteTeam "SC Bergen-Enkheim 1922"]
[BlackTeam "SC Frankfurt-West"]

1. d4 g6 2. Bf4 Bg7 3. Nf3 d6 4. c3 Nd7 5. Nbd2 e5 6. dxe5 dxe5 7. Bg3 Qe7 8. e4 Ngf6 9. Bc4 O-O 10. Qc2 a6 11. a4 b6 12. O-O Bb7 13. Rfe1 Rad8 14. Rad1 Kh8 15. b4 Nh5 16. Bh4 f6 17. Nf1 Bh6 18. Ne3 Bxe3 1/2-1/2

[Event "32.Schlosspark-Open"]
[Site "Wiesbaden-Biebrich"]
[Date "2023.08.25"]
[Round "2.28"]
[White "Barbanera, Fabrizio"]
[Black "Davidov, Georgi"]
[Result "1-0"]
[WhiteElo "2101"]
[BlackElo "1904"]
[PlyCount "79"]
[EventDate "2023.??.??"]
[WhiteTeam "SC Neum hl"]
[BlackTeam "SC Rotenburg"]

1. e4 e5 2. d4 exd4 3. Qxd4 Nc6 4. Qe3 Nf6 5. Nc3 Bb4 6. Bd2 O-O 7. O-O-O Re8 8. Qg3 d6 9. f3 Be6 10. h4 a5 11. h5 Nd7 12. Nge2 Kh8 13. Bg5 f6 14. Bd2 Qe7 15. Nf4 Qf7 16. a3 Bxc3 17. Bxc3 Bc4 18. Nd5 Bxd5 19. exd5 Ncb8 20. Bd3 Rf8 21. Bg6 Qg8 22. Bf5 h6 23. f4 a4 24. Qg4 Nc5 25. Rhe1 Nba6 26. Qg6 Rf7 27. Re3 Raf8 28. Rde1 Nb8 29. Re8 Nbd7 30. R8e7 Ne5 31. fxe5 Rxe7 32. e6 b5 33. Bd2 Rfe8 34. Re3 Nb7 35. Rg3 Nd8 36. Bxh6 c6 37. Bf4 cxd5 38. h6 Nxe6 39. hxg7+ Qxg7 40. Qh5+ 1-0

[Event "32.Schlosspark-Open"]
[Site "Wiesbaden-Biebrich"]
[Date "2023.08.25"]
[Round "2.30"]
[White "T pfer, Albrecht"]
[Black "Schwarz, Jochen"]
[Result "1-0"]
[WhiteElo "2065"]
[BlackElo "1880"]
[PlyCount "105"]
[EventDate "2023.??.??"]
[WhiteTeam "SC Fulda"]
[BlackTeam "SAbt SV Werder Bremen"]

1. d4 d5 2. Bf4 Nf6 3. e3 c5 4. Nf3 Nc6 5. Nbd2 Bg4 6. c3 e6 7. Qa4 Bxf3 8. Nxf3 Qb6 9. Qb3 c4 10. Qc2 Be7 11. b3 cxb3 12. axb3 Rc8 13. Nd2 O-O 14. Be2 a6 15. O-O Na7 16. Rfc1 Nb5 17. Qd3 Nd6 18. c4 Nde4 19. c5 Qc6 20. Nf1 Ne8 21. f3 N4f6 22. h3 Nd7 23. b4 Nc7 24. Nd2 Nb5 25. Nb3 Nf6 26. Qd1 Nh5 27. Bh2 Bh4 28. Qf1 Bg3 29. Bxb5 axb5 30. Ra5 Qc7 31. Bxg3 Nxg3 32. Qe1 Nf5 33. f4 Qd7 34. Ra7 h5 35. Na5 Rc7 36. Rxb7 h4 37. Rb6 Rfc8 38. Ra1 Qe8 39. Nb3 Rb8 40. Rxb8 Qxb8 41. Ra5 Ra7 42. Qe2 Rxa5 43. Nxa5 f6 44. Kf2 Qe8 45. Qg4 Qd7 46. Qh5 e5 47. fxe5 fxe5 48. Nc6 exd4 49. Nxd4 Ng3 50. Qxh4 Ne4+ 51. Kg1 Nc3 52. c6 Qe8 53. Qg5 1-0

[Event "32.Schlosspark-Open"]
[Site "Wiesbaden-Biebrich"]
[Date "2023.08.25"]
[Round "2.31"]
[White "Kalina, Lena"]
[Black "Baranyai-Molnar, Adam-Kristof"]
[Result "0-1"]
[WhiteElo "1750"]
[BlackElo "1876"]
[PlyCount "76"]
[EventDate "2023.??.??"]
[WhiteTeam "SC Landskrone"]
[BlackTeam "SF Neuberg"]

1. d4 f5 2. c4 Nf6 3. Nc3 g6 4. Bg5 Bg7 5. e3 O-O 6. Nf3 d6 7. Be2 Nc6 8. O-O h6 9. Bxf6 Bxf6 10. e4 e5 11. d5 Ne7 12. b4 f4 13. c5 g5 14. Nd2 Ng6 15. Rc1 Rf7 16. Nc4 Be7 17. cxd6 cxd6 18. Na5 Nh4 19. Bh5 Rg7 20. g4 Qb6 21. a3 Bd7 22. Nc4 Qa6 23. Nb1 Bb5 24. Nbd2 Rc8 25. Qb3 Bd8 26. Nb2 Rgc7 27. Rxc7 Rxc7 28. Ra1 Be2 29. a4 b5 30. a5 Qc8 31. f3 Rc3 32. Qa2 Nxf3+ 33. Nxf3 Bxf3 34. h3 Rc1+ 35. Rxc1 Qxc1+ 36. Nd1 Bxd1 37. Kg2 f3+ 38. Kf2 Qf4 0-1

[Event "32.Schlosspark-Open"]
[Site "Wiesbaden-Biebrich"]
[Date "2023.08.25"]
[Round "2.32"]
[White "Emig, Nils"]
[Black "Stork, Christopher"]
[Result "0-1"]
[WhiteElo "1843"]
[BlackElo "2065"]
[PlyCount "82"]
[EventDate "2023.??.??"]
[WhiteTeam "SK Marburg 1931/72"]
[BlackTeam "SV Oberursel"]

1. Nf3 d5 2. g3 Nf6 3. Bg2 e6 4. O-O Be7 5. d4 O-O 6. c4 dxc4 7. Qa4 a6 8. Qxc4 b5 9. Qc2 Bb7 10. Bf4 Bd6 11. Bxd6 cxd6 12. Nbd2 Nc6 13. Rac1 Rc8 14. Qd3 h6 15. a3 Qd7 16. b4 Rc7 17. Rc2 Rfc8 18. Rfc1 Ne7 19. e4 Rxc2 20. Rxc2 Nc6 21. Nb3 Rc7 22. Ne1 Qc8 23. f3 Nd7 24. Qd2 Nb6 25. Qc1 Nc4 26. Bf1 d5 27. e5 Qa8 28. Nd3 Qa7 29. Ndc5 a5 30. Nxb7 Nxd4 31. Nxd4 Qxd4+ 32. Kh1 Rxb7 33. bxa5 Qxe5 34. a4 bxa4 35. Bxc4 dxc4 36. a6 Rd7 37. Rxc4 Qe2 38. Rc8+ Kh7 39. Rh8+ Kxh8 40. Qc8+ Kh7 41. Qxd7 Qf1# 0-1

[Event "32.Schlosspark-Open"]
[Site "Wiesbaden-Biebrich"]
[Date "2023.08.25"]
[Round "2.33"]
[White "Ensslinger, Colin"]
[Black "Dietrich, Leif"]
[Result "1/2-1/2"]
[WhiteElo "2043"]
[BlackElo "1879"]
[PlyCount "58"]
[EventDate "2023.??.??"]
[WhiteTeam "SF Schwaigern"]
[BlackTeam "Hamburger SK von 1830 eV"]

1. e4 c5 2. Nf3 d6 3. d4 cxd4 4. Nxd4 Nf6 5. Nc3 a6 6. g3 e5 7. Nde2 b5 8. Bg2 Bb7 9. a3 Nbd7 10. O-O Be7 11. Be3 O-O 12. Nc1 Nc5 13. Bxc5 dxc5 14. Qe2 Qc7 15. Nd5 Nxd5 16. exd5 c4 17. Re1 Bf6 18. Be4 Rad8 19. Qf3 Qc5 20. Qf5 Rfe8 21. Qxh7+ Kf8 22. Ne2 Bxd5 23. Bxd5 Rxd5 24. Nc3 Rd4 25. Ne4 Qb6 26. Re3 g6 27. Nxf6 Qxf6 28. Rae1 Rd2 29. f4 e4 1/2-1/2

[Event "32.Schlosspark-Open"]
[Site "Wiesbaden-Biebrich"]
[Date "2023.08.25"]
[Round "2.34"]
[White "Dauster, Ronald"]
[Black "Memic, Miodrag"]
[Result "1/2-1/2"]
[WhiteElo "1866"]
[BlackElo "2055"]
[PlyCount "90"]
[EventDate "2023.??.??"]
[WhiteTeam "FT Schierstein"]
[BlackTeam "SV Mainz-Mombach"]

1. c4 g6 2. Nc3 Bg7 3. g3 c6 4. Bg2 e6 5. e4 Ne7 6. Nge2 Na6 7. d4 O-O 8. d5 d6 9. O-O e5 10. h3 c5 11. Bg5 f6 12. Be3 Bd7 13. Qd3 Nc7 14. Kh2 a6 15. a4 Rb8 16. Rfb1 a5 17. Nb5 Nxb5 18. axb5 Ra8 19. h4 b6 20. Rf1 f5 21. f3 Kh8 22. Rf2 Ng8 23. f4 Nf6 24. Kg1 Ng4 25. Rff1 fxe4 26. Bxe4 Nxe3 27. Qxe3 exf4 28. Rxf4 Rxf4 29. Qxf4 Bxb2 30. Rf1 Qe7 31. Qd2 Bg7 32. Bb1 Re8 33. Nf4 Qe3+ 34. Qxe3 Rxe3 35. Kg2 Be5 36. Rf3 Rxf3 37. Kxf3 Bxf4 38. Kxf4 Kg7 39. g4 h6 40. g5 a4 41. Ke3 a3 42. Ba2 Bf5 43. Kd2 Bh3 44. Kc3 Bf1 45. Kb3 hxg5 1/2-1/2

[Event "32.Schlosspark-Open"]
[Site "Wiesbaden-Biebrich"]
[Date "2023.08.25"]
[Round "2.35"]
[White "Eull, Emil"]
[Black "M ller, Riyanna"]
[Result "1-0"]
[WhiteElo "2032"]
[BlackElo "1760"]
[PlyCount "67"]
[EventDate "2023.??.??"]
[WhiteTeam "SF Neuberg"]
[BlackTeam "SC Landskrone"]

1. c4 e6 2. Nf3 d5 3. b3 Nf6 4. Bb2 c5 5. e3 Nc6 6. cxd5 exd5 7. d4 cxd4 8. Nxd4 Bb4+ 9. Bc3 Qa5 10. Qd2 Ne4 11. Nxc6 Qb6 12. Qxd5 Bxc3+ 13. Nxc3 Nxc3 14. Qe5+ Be6 15. Qxg7 Rf8 16. Qxc3 bxc6 17. Be2 Bd5 18. e4 Be6 19. Rc1 Rc8 20. O-O Rg8 21. Bc4 Rc7 22. Kh1 Re7 23. Be2 Bd7 24. Qd3 Re6 25. Rfd1 Qc7 26. f4 Reg6 27. Bf3 Rh6 28. e5 Qc8 29. Rd2 Rg7 30. Qc3 Kf8 31. Rcd1 Be8 32. Qc5+ Kg8 33. Rd8 Qe6 34. f5 1-0

[Event "32.Schlosspark-Open"]
[Site "Wiesbaden-Biebrich"]
[Date "2023.08.25"]
[Round "2.36"]
[White "Yozgyur, Ediz"]
[Black "Meuer, David"]
[Result "1-0"]
[WhiteElo "1446"]
[BlackElo "1936"]
[PlyCount "79"]
[EventDate "2023.??.??"]
[WhiteTeam "Kreuznacher SV 1921 e.V."]
[BlackTeam "SV Turm Lahnstein"]

1. e4 e6 2. d4 d5 3. Nc3 Bb4 4. exd5 exd5 5. Bf4 Nf6 6. Bd3 Nc6 7. Nf3 O-O 8. O-O a6 9. Ne2 Bd6 10. Bxd6 Qxd6 11. Ng3 Qf4 12. Re1 Bg4 13. c3 Bxf3 14. Qxf3 Qxf3 15. gxf3 Rfe8 16. Bf5 Ne7 17. Re5 Ng6 18. Bxg6 hxg6 19. Rae1 Kf8 20. R1e3 c6 21. b3 Nd7 22. Rxe8+ Rxe8 23. Kf1 Nf6 24. Ke2 Nh5 25. Nxh5 gxh5 26. Rxe8+ Kxe8 27. Ke3 Ke7 28. Kf4 Kf6 29. h4 Kg6 30. Ke5 f6+ 31. Ke6 Kh6 32. f4 g5 33. hxg5+ fxg5 34. f5 h4 35. f6 h3 36. f7 Kh5 37. f8=Q Kg4 38. Qf5+ Kh4 39. f3 Kh5 40. Qxh3+ 1-0

[Event "32.Schlosspark-Open"]
[Site "Wiesbaden-Biebrich"]
[Date "2023.08.25"]
[Round "2.37"]
[White "Marzahn, Heiko"]
[Black "Schmitt, Carsten"]
[Result "1/2-1/2"]
[WhiteElo "2031"]
[BlackElo "1874"]
[PlyCount "118"]
[EventDate "2023.??.??"]
[WhiteTeam "SF Eltville"]
[BlackTeam "SV Bergwinkel"]

1. e4 e6 2. d4 d5 3. Nc3 Nf6 4. Bg5 Bb4 5. e5 h6 6. Be3 Ne4 7. Qg4 g6 8. a3 Bxc3+ 9. bxc3 c5 10. Bd3 h5 11. Qf4 g5 12. Qf3 Nxc3 13. dxc5 Nc6 14. Qg3 Qa5 15. Bd2 Qxc5 16. Qxg5 Ne4 17. Bxe4 dxe4 18. Ne2 Bd7 19. O-O Qxe5 20. Qxe5 Nxe5 21. Bc3 f6 22. Ng3 Bc6 23. Bxe5 fxe5 24. Rfe1 O-O-O 25. Nxe4 Rhg8 26. Re2 Kc7 27. Rae1 Rd4 28. f3 Ra4 29. Re3 Bxe4 30. Rxe4 Rxa3 31. Rxe5 Rxf3 32. Rxh5 Rf6 33. Rh7+ Kc6 34. Re7 a5 35. R7xe6+ Rxe6 36. Rxe6+ Kc5 37. Re5+ Kb4 38. Re1 Kc4 39. Ra1 Ra8 40. h4 a4 41. g4 b5 42. Kg2 a3 43. Ra2 b4 44. g5 b3 45. cxb3+ Kxb3 46. Ra1 Kb2 47. Rf1 Rc8 48. Kg3 a2 49. g6 Rc3+ 50. Kg4 Rc1 51. Rxc1 Kxc1 52. g7 a1=Q 53. g8=Q Qd4+ 54. Kh5 Kc2 55. Qa2+ Kd1 56. Qb1+ Ke2 57. Qb5+ Kf3 58. Qb3+ Kg2 59. Kg5 Qd8+ 1/2-1/2

[Event "32.Schlosspark-Open"]
[Site "Wiesbaden-Biebrich"]
[Date "2023.08.25"]
[Round "2.38"]
[White "Schmitt, Clemens"]
[Black "Lesny, Florian"]
[Result "0-1"]
[WhiteElo "1798"]
[BlackElo "2232"]
[PlyCount "116"]
[EventDate "2023.??.??"]
[WhiteTeam "SV Bergwinkel"]
[BlackTeam "SK Bad Homburg 1927"]

1. c4 e6 2. Nc3 d5 3. e3 Nf6 4. Nf3 Bd6 5. b3 c6 6. Bb2 Nbd7 7. Qc2 O-O 8. Be2 b6 9. O-O Bb7 10. d4 Rc8 11. Rad1 Re8 12. Qb1 Qe7 13. Rfe1 c5 14. Bf1 dxc4 15. dxc5 Rxc5 16. Ba3 Bxf3 17. Bxc5 Bxd1 18. Bxd6 Qxd6 19. Rxd1 Qb4 20. Ne4 cxb3 21. Rd4 bxa2 22. Qxa2 Qe7 23. Qxa7 Nd5 24. Nc3 N7f6 25. Qa1 Nxc3 26. Qxc3 Rd8 27. Rc4 Nd5 28. Qb2 Qf6 29. Qb1 g6 30. e4 Nc3 31. Qxb6 Rd1 32. Rc8+ Kg7 33. Qe3 Nb1 34. Rc1 Rxc1 35. Qxc1 Nc3 36. Qe3 Qe5 37. f4 Qc7 38. Qd4+ Kg8 39. g3 Qa5 40. e5 Nd5 41. Bc4 Qb4 42. Qd3 Qc5+ 43. Kh1 Ne7 44. Kg2 Kg7 45. Qe2 Nf5 46. Bd3 Nd4 47. Qe4 Qc3 48. h4 h5 49. Kh3 Qa1 50. Qg2 Qd1 51. Be4 Qe1 52. Kh2 Qe3 53. Bb7 Nf5 54. Ba8 Qe1 55. Kh3 Ne3 56. Qh1 Qd2 57. Be4 Ng4 58. Qg2 Nf2+ 0-1

[Event "32.Schlosspark-Open"]
[Site "Wiesbaden-Biebrich"]
[Date "2023.08.25"]
[Round "2.39"]
[White "Gramb, Marius"]
[Black "Dohmes, Swidbert"]
[Result "1-0"]
[WhiteElo "2219"]
[BlackElo "1733"]
[PlyCount "115"]
[EventDate "2023.??.??"]
[WhiteTeam "Br hler SK 1920 e. V."]
[BlackTeam "SV 1920 Hofheim"]

1. e4 e5 2. f4 Be7 3. fxe5 d5 4. exd6 Bxd6 5. Nf3 Bg4 6. Nc3 Nc6 7. Bb5 Nf6 8. d3 O-O 9. Bxc6 bxc6 10. O-O Rb8 11. Qe1 Bxf3 12. Rxf3 Be5 13. Rb1 Qd6 14. h3 Nh5 15. Be3 Qb4 16. a3 Bxc3 17. axb4 Bxe1 18. Rxe1 Rfd8 19. Bc5 a5 20. c3 axb4 21. Bxb4 Rd7 22. e5 g5 23. e6 fxe6 24. Rxe6 Nf4 25. Re5 h6 26. d4 Nd5 27. Ba3 Nf4 28. h4 Rd5 29. hxg5 hxg5 30. Rfe3 Ng6 31. Rxd5 cxd5 32. Rg3 c6 33. Rxg5 Kf7 34. Rf5+ Ke6 35. Rf1 Rg8 36. g3 Nh4 37. Kh2 Nf5 38. Rf3 Rh8+ 39. Kg2 Rg8 40. Kf2 Rh8 41. g4 Nh6 42. Kg3 Rg8 43. Rf4 Nf7 44. Rf5 Rg7 45. Kf3 Ng5+ 46. Kf4 Ne4 47. Re5+ Kd7 48. g5 Rf7+ 49. Rf5 Rh7 50. g6 Rh4+ 51. Ke5 Nd6 52. Bxd6 Re4+ 53. Kf6 Kxd6 54. g7 Re6+ 55. Kf7 Re7+ 56. Kg6 Re8 57. Rf8 Re6+ 58. Rf6 1-0

[Event "32.Schlosspark-Open"]
[Site "Wiesbaden-Biebrich"]
[Date "2023.08.25"]
[Round "2.40"]
[White "Fr hlich-Dill, Astrid"]
[Black "Bakiev, Diyor"]
[Result "1/2-1/2"]
[WhiteElo "1775"]
[BlackElo "2182"]
[PlyCount "142"]
[EventDate "2023.??.??"]
[WhiteTeam "SV 1920 Hofheim"]
[BlackTeam "Wiesbadener SV 1885"]

1. d4 Nf6 2. Nf3 e6 3. c4 b6 4. Bg5 Bb7 5. e3 Bb4+ 6. Nc3 h6 7. Bxf6 Qxf6 8. Be2 O-O 9. Qc2 d5 10. a3 Be7 11. cxd5 exd5 12. b4 a6 13. Ne5 Bd6 14. Ng4 Qe6 15. h3 f5 16. Nh2 Bxh2 17. Rxh2 f4 18. exf4 Rxf4 19. g3 Rf6 20. O-O-O Nd7 21. Bg4 Qf7 22. f4 h5 23. Bf3 c6 24. Re1 Re8 25. Rhe2 Rxe2 26. Qxe2 h4 27. Bg4 Nf8 28. Qe7 hxg3 29. Qxf7+ Rxf7 30. Ne2 Re7 31. Kd2 Ng6 32. Rg1 Nf8 33. Rxg3 Nh7 34. Re3 Rxe3 35. Kxe3 Nf6 36. Ng3 g6 37. Be6+ Kf8 38. h4 Ke7 39. Bh3 a5 40. f5 axb4 41. axb4 Bc8 42. Kf4 Kf8 43. Ke5 Ke7 44. Bg2 Ng4+ 45. Kf4 gxf5 46. Bf3 Nf2 47. Be2 Kf6 48. Nh5+ Kg6 49. Ng3 Ne4 50. Bh5+ Kf6 51. Be8 Nxg3 52. Kxg3 c5 53. bxc5 bxc5 54. dxc5 Ke5 55. Kf3 d4 56. h5 Bb7+ 57. c6 Bxc6+ 58. Bxc6 Kf6 59. Kf4 d3 60. Bf3 d2 61. Bd1 Kf7 62. Kg5 Kg7 63. Kxf5 Kh6 64. Ke4 Kg7 65. Kd3 Kh7 66. Kxd2 Kh6 67. Ke3 Kg7 68. Kf4 Kh7 69. Kg5 Kg7 70. Bc2 Kg8 71. Kf6 Kh8 1/2-1/2

[Event "32.Schlosspark-Open"]
[Site "Wiesbaden-Biebrich"]
[Date "2023.08.25"]
[Round "2.41"]
[White "Neininger, Sarah"]
[Black "Puschendorf, Steffen"]
[Result "0-1"]
[WhiteElo "1494"]
[BlackElo "2121"]
[PlyCount "86"]
[EventDate "2023.??.??"]
[WhiteTeam "VSG 1880 Offenbach"]
[BlackTeam "ESV Gera"]

1. e4 e6 2. d4 d5 3. Nc3 Bb4 4. e5 c5 5. a3 Bxc3+ 6. bxc3 Ne7 7. Qg4 O-O 8. Bd3 f5 9. exf6 Rxf6 10. Bg5 Rf7 11. Qh5 g6 12. Qd1 Qa5 13. Bd2 Nd7 14. h4 c4 15. Be2 Nf6 16. h5 Ne4 17. Bf3 Bd7 18. hxg6 Nxg6 19. Nh3 Bc6 20. Bxe4 dxe4 21. Ng5 Re7 22. Qh5 Rf8 23. Qh6 e3 24. fxe3 Bxg2 25. Rg1 Qf5 26. O-O-O Qd5 27. Rde1 Be4 28. Rg4 Bf3 29. Rg3 Be4 30. Reg1 Rf2 31. Nxh7 Rg7 32. Ng5 Bxc2 33. Kxc2 Qb5 34. Rd1 Qb3+ 35. Kc1 Qxa3+ 36. Kb1 Rf5 37. Qxg7+ Kxg7 38. Nxe6+ Kf7 39. Nc5 b6 40. e4 Rf2 41. Nd7 Qe7 42. Rxg6 Qxe4+ 43. Kb2 Kxg6 0-1

[Event "32.Schlosspark-Open"]
[Site "Wiesbaden-Biebrich"]
[Date "2023.08.25"]
[Round "2.42"]
[White "Dietze, Frank"]
[Black "Ivkin, Michael"]
[Result "1-0"]
[WhiteElo "2115"]
[BlackElo "1818"]
[PlyCount "71"]
[EventDate "2023.??.??"]
[WhiteTeam "Wiesbaden"]
[BlackTeam "Hamburg"]

1. d4 d6 2. c4 Nf6 3. Nc3 c6 4. e4 Qa5 5. Bd3 e5 6. Nge2 Be7 7. O-O O-O 8. Rb1 exd4 9. Nxd4 Be6 10. Be2 Nbd7 11. b4 Qc7 12. f4 Nb6 13. Nxe6 fxe6 14. Be3 Rad8 15. Qb3 d5 16. c5 Nc8 17. Rbd1 Kh8 18. Bd4 Nd7 19. exd5 exd5 20. g3 Bf6 21. Bf2 Ne7 22. Bd3 Rfe8 23. Rfe1 Nf8 24. Bb1 Neg6 25. Ne2 Qd7 26. Nd4 Bxd4 27. Bxd4 Qg4 28. Rf1 Re2 29. Bd3 Re7 30. Qc2 Rde8 31. Bf5 Qe2 32. Rd2 Qc4 33. Qb2 Re1 34. Bd3 Qc1 35. Qxc1 Rxc1 36. Rxc1 1-0

[Event "32.Schlosspark-Open"]
[Site "Wiesbaden-Biebrich"]
[Date "2023.08.25"]
[Round "2.44"]
[White "Mayer, Frank"]
[Black "Potgieter, Edward"]
[Result "1-0"]
[WhiteElo "2067"]
[BlackElo "1719"]
[PlyCount "117"]
[EventDate "2023.??.??"]
[WhiteTeam "Wiesbadener SV 1885"]
[BlackTeam "JNW Chess Club"]

1. e4 e5 2. Nc3 Nf6 3. d4 exd4 4. Qxd4 Nc6 5. Qd3 Bc5 6. Qg3 Qe7 7. Bg5 h6 8. Bxf6 Qxf6 9. Bd3 Bb4 10. Nge2 d6 11. f4 O-O 12. O-O-O Bxc3 13. Nxc3 Nb4 14. Kb1 Nxd3 15. Rxd3 Be6 16. b3 Qd8 17. f5 Bd7 18. Nd5 f6 19. Qg4 Bc6 20. Rg3 Qd7 21. Qg6 Bxd5 22. exd5 Kh8 23. Re3 Qf7 24. Re6 Qxg6 25. fxg6 Rfe8 26. Rhe1 Rxe6 27. Rxe6 Kg8 28. Re7 Rc8 29. g4 a5 30. h4 b6 31. h5 Kf8 32. Rf7+ Kg8 33. Kc1 c6 34. dxc6 Rxc6 35. Rd7 Rc8 36. Rxd6 Rb8 37. c4 Kf8 38. Rd7 Kg8 39. Kd2 Kf8 40. Kd3 b5 41. cxb5 Rxb5 42. Rd8+ Ke7 43. Rg8 Rg5 44. Rxg7+ Kf8 45. Rf7+ Kg8 46. Rxf6 Rxg4 47. Rf5 a4 48. Kc3 axb3 49. axb3 Rg3+ 50. Kc4 Rg4+ 51. Kc5 Rg1 52. b4 Rc1+ 53. Kd6 Rd1+ 54. Rd5 Rb1 55. b5 Kg7 56. Kc6 Rc1+ 57. Rc5 Re1 58. b6 Re8 59. b7 1-0

[Event "32.Schlosspark-Open"]
[Site "Wiesbaden-Biebrich"]
[Date "2023.08.25"]
[Round "2.45"]
[White "Pioch, Thomas"]
[Black "Sreeramulu, Aarush"]
[Result "1/2-1/2"]
[WhiteElo "2022"]
[BlackElo "1561"]
[PlyCount "51"]
[EventDate "2023.??.??"]
[WhiteTeam "Wiesbaden"]
[BlackTeam "SK Marburg 1931/72"]

1. Nf3 d5 2. g3 Nf6 3. Bg2 Bf5 4. d3 e6 5. O-O Bc5 6. b3 O-O 7. Bb2 Be7 8. c4 c5 9. Nbd2 Nc6 10. Nh4 Bg6 11. Nxg6 hxg6 12. Rc1 d4 13. Bxc6 bxc6 14. Nf3 Qc7 15. Qd2 a5 16. e3 e5 17. exd4 exd4 18. Rfe1 Rfb8 19. Re2 a4 20. Qe1 Bd6 21. Nd2 axb3 22. axb3 Ra2 23. Rb1 Qd7 24. Kg2 Nh5 25. Qd1 Nf6 26. Nf3 1/2-1/2